Analýza vývoja a štruktúry poistenia motorových vozidiel v SSR záverečná práca postgraduálneho štúdia
Guardado en:
| Autor principal: | |
|---|---|
| Autor Corporativo: | |
| Otros Autores: | |
| Formato: | Libro |
| Lenguaje: | eslovaco |
| Publicado: |
Bratislava
1988
|
| Etiquetas: |
Sin Etiquetas, Sea el primero en etiquetar este registro!
|
MARC
| LEADER | 00000nam a2200000 4500 | ||
|---|---|---|---|
| 001 | c038184 | ||
| 005 | 20221219091410.0 | ||
| 041 | 0 | |a slo | |
| 044 | |a SK | ||
| 245 | 1 | 0 | |a Analýza vývoja a štruktúry poistenia motorových vozidiel v SSR |b záverečná práca postgraduálneho štúdia |c E. Šulovská ; Ved. práce Emília Kozíková |
| 264 | 1 | |a Bratislava |c 1988 | |
| 300 | |a 74 s. | ||
| 100 | 1 | |a Šulovská, E. | |
| 700 | 1 | |a Kozíková, Emília | |
| 710 | 2 | |a Vysoká škola ekonomická v Bratislave | |